000 00718nam a2200181Ia 4500
008 100920s9999 xx 000 0 und d
082 _b8957
_a891.43 थ 58
100 _aस्वामी सत्यदेव.
245 _aहिन्दू धर्म की विशेषताएँ.
260 _bराजपाल एण्ड सन्स ,कश्मीरी गेट, दिल्ली.
_c1958
300 _a88
_bसाधी
365 _b0.75
520 _aहिंदी.
630 _aहिन्दू धर्म की विशेषताएँ.
650 _aहिंदी.
730 _aहिन्दू धर्म की विशेषताएँ.
942 _cBOOK
999 _c676101
_d676098